Microwave, millimetre-wave and submillimetre-wave (Record no. 181659)

000 -LEADER
fixed length control field 00979 a2200193 4500
003 - CONTROL NUMBER IDENTIFIER
control field Nust
005 - DATE AND TIME OF LATEST TRANSACTION
control field 20221123142533.0
020 ## - INTERNATIONAL STANDARD BOOK NUMBER
International Standard Book Number 8185938970
040 ## - CATALOGING SOURCE
Transcribing agency Nust
082 ## - DEWEY DECIMAL CLASSIFICATION NUMBER
Classification number 621.3813,CHA
100 ## - MAIN ENTRY--PERSONAL NAME
Personal name Chatterjee R
9 (RLIN) 103440
245 ## - TITLE STATEMENT
Title Microwave, millimetre-wave and submillimetre-wave
Remainder of title vacuum electron devices /
Statement of responsibility, etc. Rajeswari Chatterjee
260 ## - PUBLICATION, DISTRIBUTION, ETC.
Place of publication, distribution, etc. Affiliated East-West Press
Name of publisher, distributor, etc. New Delhi
Date of publication, distribution, etc. 1999
300 ## - PHYSICAL DESCRIPTION
Extent x, 460 p
Other physical details illus
Dimensions 24 cm
505 ## - FORMATTED CONTENTS NOTE
Formatted contents note Physical Electronics of Microwave Tubes (Page-1), Interaction Between Electron Beams and Traveling Waves (Page-38), Electron Emission and Cathodes (Page-65), Focusing of Electron Beams and Guns (Page-84), Resonant Circuits for Microwave Tubes (Page-119), Periodic Structure ; Delay Lines (Page-135), Microwave Electron Tubes (Page-171), Technology of Microwave Tubes and Measurements (Page-402), State of The Art (Page-413).
600 ## - SUBJECT ADDED ENTRY--PERSONAL NAME
Personal name Chatterjee R
9 (RLIN) 103440
650 ## - SUBJECT ADDED ENTRY--TOPICAL TERM
Topical term or geographic name entry element Telecommunication Engineering
942 ## - ADDED ENTRY ELEMENTS (KOHA)
Source of classification or shelving scheme
Koha item type Book
Holdings
Withdrawn status Lost status Source of classification or shelving scheme Damaged status Not for loan Permanent Location Current Location Shelving location Date acquired Full call number Barcode Date last seen Price effective from Koha item type Public note
          Military College of Signals (MCS) Military College of Signals (MCS) General Stacks 12/12/2016 621.3813,CHA MCS28480 12/08/2016 12/12/2016 Book Almirah No.32, Shelf No.2
© 2023 Central Library, National University of Sciences and Technology. All Rights Reserved.